U.S. Greatest Foods Countdown 30-1 (No Vowels) - Statistics

General Stats
  • This quiz has been taken 82 times
  • The average score is 25 of 30
Answer Stats
Rank No Vowels Dish % Correct
18 Bffl Wngs Buffalo Wings
100%
28 Fsh Stw Fish Stew
100%
26 Pnt Bttr Sndwch Peanut Butter Sandwich
100%
24 Ppcrn Popcorn
100%
25 Bkd Bns Baked Beans
99%
19 Lbstr Rlls Lobster Rolls
99%
2 Chsbrgr Cheeseburger
97%
4 Ht Dgs Hot Dogs
97%
7 Pzz Pizza
97%
1 Thnksgvng Dnnr Thanksgiving Dinner
97%
6 Nchs Nachos
96%
8 Stk Steak
96%
23 Chckn nd Wffls Chicken and Waffles
95%
29 Ptt Chps Potato Chips
95%
20 S'mrs S'mores
95%
11 Stw Stew
95%
30 Crb Cks Crab Cakes
93%
15 Bcn, Lttc nd Tmt Sndwch Bacon Lettuce and Tomato Sandwich
92%
22 Clm Chwdr Clam Chowder
92%
9 Cbblr Cobbler
89%
5 Phlly Chs Stk Philly Cheese Steak
89%
10 Chclt Chp Cks Chocolate Chip Cookies
86%
16 Brbc Barbecue
82%
3 Rbn Sndwch Reuben Sandwich
73%
14 ppl P Apple Pie
66%
21 nchlds Enchiladas
53%
12 Pr By (or) P' By Po' Boy / Poor Boy
53%
17 Frybrd Frybread
46%
27 Frtn Cks Fortune Cookies
36%
13 Frt P Frito Pie
11%
No matching quizzes found
Score Distribution
Percent of People with Each Score
Percentile by Number Answered
Your Score History
You have not taken this quiz